| 000 | 00982cab a22002175a 4500 | ||
|---|---|---|---|
| 001 | L158549 | ||
| 008 | 150420e2015 xxk 000 0 eng d | ||
| 035 | _a(Sirsi) u158549 | ||
| 041 | 0 | _aeng | |
| 245 | 0 | 0 |
_aSamuel Edwards v Baladas Kumarasamy _h[electronic resource] |
| 260 | _c2015 | ||
| 520 | _a[2015] EWCA Civ 20, 28 January 2015. Flat let to E by leaseholder K on an assured shorthold tenancy agreement. E tripped over paving stone on communal path between front door and communal bin cupboard. "Held" that K liable under extended covenant implied into the AST agreement under Landlord and Tenant Act 1985 s11 (1A). Appeal alllowed. | ||
| 590 | _aKA | ||
| 650 | 2 | 4 | _aLANDLORD AND TENANT ACT 1985 S11 |
| 650 | 2 | 4 | _aLIABILITY |
| 650 | 2 | 4 | _aIMPLIED TERMS |
| 651 | 4 |
_aEngland and Wales _y1543- |
|
| 690 |
_aLandlord and tenant _96252 |
||
| 856 | 4 | 0 |
_uhttps://www.bailii.org/ew/cases/EWCA/Civ/2015/20.html _zView the law report free of charge at www.bailii.org |
| 942 | _n0 | ||
| 999 |
_c84622 _d84622 |
||